Money and banking system in India (Record no. 159848)

MARC details
000 -LEADER
fixed length control field 00617nam a2200229Ia 4500
003 - CONTROL NUMBER IDENTIFIER
control field OSt
005 - DATE AND TIME OF LATEST TRANSACTION
control field 20230415112717.0
008 - FIXED-LENGTH DATA ELEMENTS--GENERAL INFORMATION
fixed length control field 210423s2008 xx 000 0 und d
020 ## - INTERNATIONAL STANDARD BOOK NUMBER
International Standard Book Number 978-81-8376-275-5
040 ## - CATALOGING SOURCE
Transcribing agency SAC
041 ## - LANGUAGE CODE
Language code of text/sound track or separate title eng
082 ## - DEWEY DECIMAL CLASSIFICATION NUMBER
Classification number 332.1 CHOC
Edition number 23
100 ## - MAIN ENTRY--PERSONAL NAME
Personal name CHOUDHARY (C M)
9 (RLIN) 428
245 ## - TITLE STATEMENT
Title Money and banking system in India
260 ## - PUBLICATION, DISTRIBUTION, ETC.
Place of publication, distribution, etc. New Delhi
Name of publisher, distributor, etc. ABD Publishers
Date of publication, distribution, etc. 2010
300 ## - PHYSICAL DESCRIPTION
Extent v,317
Other physical details HB
365 ## - TRADE PRICE
Price amount 995
Currency code INR
650 ## - SUBJECT ADDED ENTRY--TOPICAL TERM
Topical term or geographic name entry element Banking
9 (RLIN) 429
650 ## - SUBJECT ADDED ENTRY--TOPICAL TERM
Topical term or geographic name entry element Money banking India
9 (RLIN) 430
906 ## - LOCAL DATA ELEMENT F, LDF (RLIN)
a acquisitions: ; Banks ; impediments ; implications ; mergers
942 ## - ADDED ENTRY ELEMENTS (KOHA)
Source of classification or shelving scheme Dewey Decimal Classification
Koha item type Book
Holdings
Withdrawn status Lost status Source of classification or shelving scheme Damaged status Not for loan Collection code Home library Current library Date acquired Source of acquisition Cost, normal purchase price Total Checkouts Full call number Barcode Date last seen Price effective from Koha item type
    Dewey Decimal Classification     M Com St Aloysius PG Library St Aloysius PG Library 11/04/2008 Knowledge World 250.00   332.1 CHOC PG006327 08/24/2022 04/26/2021 Book